000 00349 a2200157 4500
001 156446
020 _a9788532286741
040 _cEscola São Tomás de Aquino
100 _aSMOLE, Kátia Stocco
240 1 0 _aSaber matemática
_lpor
245 1 0 _aSaber matemática
300 _a288
362 0 _a2013
697 _aMATEMÁTICA
942 _cBK
999 _c156446
_d156446